| 000 | 005040000a22001930004500 | ||
|---|---|---|---|
| 001 | 001607 | ||
| 003 | MACL | ||
| 005 | 20150909125254.0 | ||
| 008 | 150909b xxu||||| |||| 00| 0 eng d | ||
| 040 |
_aMACL _cMACL |
||
| 041 | _aEnglish | ||
| 082 | _a820/PAT | ||
| 100 |
_aPatel, Kamla _99496 |
||
| 245 |
_aTorn From The Roots _bMool Sotan Ukhdelan A Partition Memoir _cKamla Patel |
||
| 260 |
_aNew Delhi _c2006 _bWomen Unlimited, |
||
| 350 | _a350 | ||
| 650 |
_aLiterature _99497 |
||
| 942 |
_k820 _cBK _2ddc |
||
| 999 |
_c13527 _d13527 |
||